Código Procesal Penal de la República Argentina : Leyes complementarias. Indice alfabetico y tematico /
Guardado en:
| Formato: | Libro |
|---|---|
| Idioma: | Spanish |
| Publicado: |
Buenos Aires :
A-Z,
2011
|
| Edición: | 21º ed. |
| Materias: | |
| Etiquetas: |
Agregar Etiqueta
Sin Etiquetas, Sea el primero en etiquetar este registro!
|
| LEADER | 00541nam a22001575a 4500 | ||
|---|---|---|---|
| 001 | DER.der011290 | ||
| 008 | 180615s2011####|||||||||||||||||#||spa|| | ||
| 005 | 20240917114748.0 | ||
| 245 | 1 | 0 | |a Código Procesal Penal de la República Argentina : |b Leyes complementarias. Indice alfabetico y tematico / |c Argentina - Códigos. |
| 250 | |a 21º ed. | ||
| 260 | |a Buenos Aires : |b A-Z, |c 2011 | ||
| 300 | |a 280 p. | ||
| 020 | |a 978-950-534-049-1 | ||
| 240 | 1 | 0 | |a Argentina - Códigos |
| 653 | |a DERECHO PROCESAL PENAL | ||
| 859 | |a DERECHO |b BIB. DERECHO |h 348.023 |i ARG |p 006669 | ||
